<?xml version="1.0" encoding="UTF-8" ?>
<collection xmlns="http://www.loc.gov/MARC21/slim"><record><leader>01095nam a2200265 c 4500</leader><controlfield tag="001">18894</controlfield><controlfield tag="003">CH-000273-5</controlfield><controlfield tag="005">20161216163535.0</controlfield><datafield tag="035" ind1=" " ind2=" "><subfield code="a">(OCoLC)906874322</subfield></datafield><datafield tag="041" ind1=" " ind2=" "><subfield code="a">rus</subfield></datafield><datafield tag="100" ind1=" " ind2=" "><subfield code="a">Iliazd </subfield><subfield code="d">1894-1975</subfield></datafield><datafield tag="245" ind1="0" ind2="0"><subfield code="a">Ledentu le Phare</subfield><subfield code="b">poème dramatique en zaoum</subfield><subfield code="h">Buch</subfield></datafield><datafield tag="260" ind1=" " ind2=" "><subfield code="a">Paris</subfield><subfield code="b">Editions du 41°</subfield><subfield code="c">1923</subfield></datafield><datafield tag="300" ind1=" " ind2=" "><subfield code="a">61 S.</subfield><subfield code="c">19 x 14,5 cm</subfield><subfield code="e">Beilage, [8] S.</subfield></datafield><datafield tag="500" ind1=" " ind2=" "><subfield code="a">Einbandgestaltung von N. Granovsky [Collage]</subfield></datafield><datafield tag="501" ind1=" " ind2=" "><subfield code="a">Ce texte est le préface de Georges Ribemont-Dessaignes pour un livre par Iliazd</subfield></datafield><datafield tag="510" ind1="4" ind2="0"><subfield code="a">Dada global, 1994</subfield><subfield code="c">S. 235, Nr. 204</subfield></datafield><datafield tag="562" ind1=" " ind2=" "><subfield code="a">Auf Schmutztitel handschriftliche Widmung &quot;temoignage d&apos;une amitié de trente et plus ans Iliazd [?] 2.12.60&quot;</subfield><subfield code="b">auf sechster Seite Exemplar Nr. 435</subfield></datafield><datafield tag="600" ind1="0" ind2="7"><subfield code="a">Iliazd</subfield><subfield code="d">1894-1975</subfield><subfield code="2">gnd</subfield></datafield><datafield tag="651" ind1="0" ind2="7"><subfield code="a">Zürich</subfield><subfield code="x">Kunsthaus Zürich</subfield><subfield code="x">Dadaismus</subfield><subfield code="x">Sammlung</subfield><subfield code="2">gnd</subfield></datafield><datafield tag="700" ind1="2" ind2="0"><subfield code="a">Ribemont-Dessaignes, Georges </subfield><subfield code="d">1884-1974</subfield></datafield><datafield tag="700" ind1="1" ind2="0"><subfield code="a">Granowsky, N.</subfield></datafield><datafield tag="710" ind1="2" ind2="0"><subfield code="a">Kunsthaus Zürich</subfield></datafield><datafield tag="852" ind1="4" ind2="0"><subfield code="a">CH-000273-5</subfield><subfield code="c">DADA I:13</subfield></datafield><datafield tag="856" ind1="4" ind2="1"><subfield code="u">https://digital.kunsthaus.ch/viewer/image/18894/1/</subfield><subfield code="y">Kunsthaus Zürich Sammlungen online</subfield></datafield></record></collection>